000 00469nam a2200181Ia 4500
005 20250508151919.0
008 008 250505s9999 xx 000 0 eng d
037 _aTextual
040 _aFEDL
_beng
_cFEDL
041 _aeng
_2eng
084 _a572, LIN
_qFEDL
100 _aLinton Ralph
245 0 _aTree of culture
260 _aNew York, USA
_bAlfred a Knopf
_c1955
300 _axiv,674p.
942 _cTEXL
_h572, LIN
999 _c1332914
_d1332914